Fast Typing A-Z - Statistics

General Stats
  • This quiz has been taken 1,739 times
  • The average score is 22 of 26
Answer Stats
Answer % Correct
1 A
99%
5 E
95%
2 B
92%
3 C
91%
4 D
91%
9 I
89%
6 F
88%
7 G
88%
8 H
88%
10 J
86%
11 K
86%
15 O
86%
18 R
86%
12 L
85%
13 M
85%
16 P
85%
20 T
84%
17 Q
83%
21 U
83%
19 S
82%
14 N
81%
26 Z
81%
22 V
78%
25 Y
78%
23 W
77%
24 X
75%
No matching quizzes found
Score Distribution
Percent of People with Each Score
Percentile by Number Answered
Your Score History
You have not taken this quiz